000 00575nam a2200229Ia 4500
003 OSt
005 20220918192013.0
006 a|||||r|||| 00| 0
007 ta
008 220917b |||||||| |||| 00| 0 eng d
024 _a66,490
037 _cTextual
040 _aARTS
_cARTS
_beng
041 _2eng
_aeng
082 _aR3xD98x, L3
100 _aAvicenna
_978037
245 0 _aMetaphysica tr by Parviz Morewedge
260 _c1973
490 _aPersian heritage series; 13
942 _hR3xD98x, L3
_cTEXL
_2CC
999 _c192723
_d192723